Historia breve de la conquista de los estados independientes del Imperio Mexicano /
El franciscano tapatío Francisco Frejes ofrece una historia relativa a la conquista de los estados indígenas independientes, que abarcaban una amplia región de México y que en su gran mayoría pertenecieron al gobierno de la Real Audiencia de la Nueva Galicia como Zacatecas, Sonora, Sinaloa, Nuevo Le...
שמור ב:
| מחבר ראשי: | |
|---|---|
| פורמט: | ספר |
| שפה: | ספרדית |
| נושאים: | |
| תגים: |
אין תגיות, היה/י הראשונ/ה לתייג את הרשומה!
|
MARC
| LEADER | 00000nam^a2200000^a^4500 | ||
|---|---|---|---|
| 001 | 000379597 | ||
| 005 | 20250526000000.0 | ||
| 009 | 20260310120530.777 | ||
| 037 | |a Acervo Xavier Clavigero | ||
| 041 | |a ESP | ||
| 082 | |a 972. 03 |b FRE | ||
| 100 | |a Frejes, Francisco, |e (autor) | ||
| 240 | 1 | 1 | |a [Historia breve de la conquista de los estados independientes del Imperio Mexicano] |
| 245 | 1 | 0 | |a Historia breve de la conquista de los estados independientes del Imperio Mexicano / |c F. Frejes. |
| 264 | |a Guadalajara, México : |b Tipografía de Sinforoso Banda, |c 1878 | ||
| 300 | |a 277 p. ; |c 19.5 cm. | ||
| 336 | |a texto |b txt |2 rdacontenido | ||
| 337 | |a sin mediación |b n |2 rdamedio | ||
| 338 | |a volumen |b nc |2 rdasoporte | ||
| 501 | |a Encuadernación particular | ||
| 520 | |a El franciscano tapatío Francisco Frejes ofrece una historia relativa a la conquista de los estados indígenas independientes, que abarcaban una amplia región de México y que en su gran mayoría pertenecieron al gobierno de la Real Audiencia de la Nueva Galicia como Zacatecas, Sonora, Sinaloa, Nuevo León, Tamaulipas, Durango, Chihuahua, Coahuila, Texas, Nayarit, Colima, Nuevo México, California y Jalisco. El último capítulo trata acerca de las incidencias en la fundación de Guadalajara. | ||
| 562 | |a Falta cubierta | ||
| 649 | |a XX | ||
| 650 | |a Indígenas de México - |x Historia | ||
| 650 | |a Guadalajara, Jalisco - |x Historia - |y Epoca Colonial, 1517-1821 | ||
| 650 | |a Jalisco - |x Historia - |y Epoca Colonial, 1517-1821 | ||
| 650 | |a México (Región Noreste) - |x Historia - |y Epoca Colonial, 1517-1821 | ||
| 650 | |a México (Región Noroeste) - |x Historia - |y Epoca Colonial, 1517-1821 | ||
| 650 | |a México (Región Occidente) - |x Historia - |y Epoca Colonial, 1517-1821 | ||
| 650 | |a México - |x Historia - |y Epoca Colonial, 1517-1821 | ||
| 910 | |a Fondo General | ||
| 920 | |a Impresos - Libros | ||
| 930 | |a Libros Antiguos y Raros | ||
| 905 | |a 108 | ||
| 901 | |a 0500274529 |b IT2 |c LRA |u 20250526 | ||
| 902 | |a https://opac.biblio.iteso.mx/vufind/Record/000379597 | ||